Á lódáil...

Vikrantha bharatham /

Sonraí Bibleagrafaíochta
Príomhúdar: Shastri, B. R.
Formáid: Printed Book
Teanga:Sanskrit
Foilsithe: Hyderabad : Amarbharathi prakashan , 1979.
LEADER 00420nam a2200133Ia 4500
008 150624b xxu||||| |||| 00| | san d
100 |a Shastri, B. R. 
245 |c B. R. Shastri  |a Vikrantha bharatham / 
260 |a Hyderabad :  |b Amarbharathi prakashan ,  |c 1979. 
300 |a 82 p. 
546 |a In Sanskrit. 
942 |c BK 
999 |c 95535  |d 95535 
952 |0 0  |1 0  |4 1  |7 0  |9 95474  |a UL  |b UL  |c ST1  |d 1998-11-19  |l 0  |p 47708  |r 2012-10-27  |w 2012-10-27  |y BK